000 00425nab a2200145Ia 4500
003 ES-SlBCS
005 20210601131734.0
008 140529s1953 xxu||||| |||| 00| 0 fre d
041 _afre
100 1 _aBoanerge, Jean
_9188420
245 0 0 _aRemous chez Peron, élection surprise au Brésil
_c Jean Boanerge
650 0 4 _aPerón
_9188441
773 0 _tVie Intelectuelle (La)
_gnº. 5, 1953, págs. 90-93
_wRev907
942 _cAR
999 _c567938
_d567938